[Event "27th Summer Universiade in Kazan (Women)"]
[Site "Kazan"]
[Date "2013.07.10"]
[Round "3.4"]
[White "Munguntuul, Batkhuyag"]
[Black "Kashlinskaya, Alina"]
[Result "1-0"]
[WhiteElo "2452"]
[BlackElo "2334"]
[PlyCount "105"]
[EventDate "2013.??.??"]

1. e4 e5 2. Nf3 Nc6 3. Bb5 a6 4. Ba4 Nf6 5. O-O Be7 6. Re1 b5 7. Bb3 d6 8. c3
O-O 9. h3 Nb8 10. d4 Nbd7 11. Nbd2 Bb7 12. Bc2 Re8 13. a4 Bf8 14. Bd3 c6 15. b4
Nb6 16. axb5 cxb5 17. d5 Rc8 18. Ra3 Nh5 19. Nf1 Nf4 20. Bxf4 exf4 21. Nd4 Qf6
22. Nh2 Na4 23. Ng4 Qe7 24. Qd2 h5 25. Nh2 g6 26. Nhf3 Bg7 27. Rc1 Qf6 28. c4
bxc4 29. Rxc4 Nb6 30. Rxc8 Bxc8 31. Bxa6 g5 32. Nc6 g4 33. Qd4 gxf3 34. Qxb6
Bxh3 35. Rxf3 Bg4 36. Ra3 Qb2 37. Qa5 Bf6 38. Bd3 Bh4 39. Qa7 Qc1+ 40. Bf1 Rxe4
41. Ra1 Bxf2+ 42. Kxf2 Qd2+ 43. Kg1 f3 44. Qf2 Qxd5 45. b5 Re8 46. gxf3 Bxf3
47. Ra3 Qg5+ 48. Kh2 Bg4 49. b6 Qd5 50. Bg2 Qb5 51. Qf6 Qc5 52. Ne7+ Rxe7 53.
Ra8+ 1-0

[Event "27th Summer Universiade in Kazan (Women)"]
[Site "Kazan"]
[Date "2013.07.10"]
[Round "3.6"]
[White "Shen, Yang"]
[Black "Przezdziecka, Marta"]
[Result "1-0"]
[WhiteElo "2405"]
[BlackElo "2297"]
[PlyCount "109"]
[EventDate "2013.??.??"]

1. d4 Nf6 2. c4 g6 3. Nf3 Bg7 4. Nc3 d5 5. cxd5 Nxd5 6. e4 Nxc3 7. bxc3 c5 8.
Be3 Nc6 9. Qd2 Qa5 10. Rb1 O-O 11. Rb5 cxd4 12. Rxa5 dxe3 13. Qxe3 Nxa5 14. Nd4
b6 15. e5 Bb7 16. f4 Rac8 17. h4 h5 18. Be2 e6 19. Rg1 Rc5 20. g4 Rfc8 21. Kd2
hxg4 22. Rxg4 Bd5 23. h5 Rxc3 24. Qxc3 Rxc3 25. Kxc3 gxh5 26. Rg1 Kf8 27. Bf3
Bxf3 28. Nxf3 Bh6 29. Ng5 Nc6 30. a3 Ke7 31. Kd3 f6 32. exf6+ Kxf6 33. Nxe6 Kf5
34. Ke3 Ne5 35. Nd4+ Kf6 36. Ke4 Nd7 37. Rh1 Bf8 38. Rh3 Bc5 39. Nb5 a6 40. Nc7
a5 41. Nd5+ Kf7 42. Kf5 b5 43. Rb3 b4 44. axb4 axb4 45. Nxb4 h4 46. Nc6 Bf2 47.
Ra3 Nf6 48. Ne5+ Kg7 49. Rd3 Bg3 50. Rd6 h3 51. Rxf6 h2 52. Rg6+ Kh7 53. Ng4
Bxf4 54. Nf6+ Kh8 55. Rg8# 1-0

[Event "27th Summer Universiade in Kazan (Women)"]
[Site "Kazan"]
[Date "2013.07.10"]
[Round "3.7"]
[White "Vo, Thi Kim Phung"]
[Black "Bulmaga, Irina"]
[Result "0-1"]
[WhiteElo "2199"]
[BlackElo "2403"]
[PlyCount "92"]
[EventDate "2013.??.??"]

1. d4 Nf6 2. Bf4 e6 3. e3 Be7 4. h3 c5 5. c3 O-O 6. Nf3 b6 7. Nbd2 Ba6 8. Bxa6
Nxa6 9. O-O Nc7 10. a4 d6 11. Nc4 Ne4 12. Nfd2 Nxd2 13. Qxd2 d5 14. Ne5 Bd6 15.
b4 f6 16. Nf3 cxb4 17. cxb4 Ne8 18. Rfc1 g5 19. Bxd6 Nxd6 20. Qd3 Rc8 21. Nd2
Qd7 22. b5 Kg7 23. Qa3 Nc4 24. Qd3 Nd6 25. Qa3 Nf5 26. Qb2 h5 27. Ra3 g4 28.
hxg4 hxg4 29. g3 Qf7 30. Rxc8 Rxc8 31. Rc3 Rh8 32. Qc2 Qh5 33. Rc7+ Kg6 34. Kf1
Qh1+ 35. Ke2 Qg2 36. Qc6 Nxg3+ 37. Kd3 Qxf2 38. Qxe6 Nf5 39. Rc6 Nxe3 40. Rc7
Nf5 41. Qf7+ Kg5 42. Qxd5 Qg3+ 43. Nf3+ Qxf3+ 44. Qxf3 gxf3 45. Rxa7 f2 46. Ke2
Rh2 0-1

[Event "27th Summer Universiade in Kazan (Women)"]
[Site "Kazan"]
[Date "2013.07.10"]
[Round "3.8"]
[White "Girya, Olga"]
[Black "Arabidze, Meri"]
[Result "1-0"]
[WhiteElo "2437"]
[BlackElo "2320"]
[PlyCount "159"]
[EventDate "2013.??.??"]

1. d4 Nf6 2. c4 e6 3. Nf3 b6 4. g3 Ba6 5. Qa4 Bb7 6. Bg2 c5 7. dxc5 Bxc5 8. O-O
O-O 9. Nc3 d5 10. Rd1 Qc8 11. cxd5 Nxd5 12. Bd2 Bc6 13. Qc2 Nf6 14. Rac1 Qb7
15. Be1 Nbd7 16. Na4 Rac8 17. Nxc5 Nxc5 18. b3 Rfe8 19. Qb2 Qe7 20. Bc3 Ncd7
21. Bh3 Ba8 22. Ne5 Nc5 23. Bd4 Red8 24. f3 Nd5 25. Nc4 f6 26. Bf2 Nc7 27. b4
Na4 28. Qb3 b5 29. Na5 Rxd1+ 30. Qxd1 f5 31. Nc6 Bxc6 32. Rxc6 Rd8 33. Qc2 Nd5
34. a3 Qg5 35. Rc8 Nab6 36. Rxd8+ Qxd8 37. e4 Ne7 38. exf5 Nxf5 39. Bxf5 exf5
40. Qxf5 Qe8 41. Bxb6 axb6 42. Qd5+ Kh8 43. Kf2 h6 44. f4 Kh7 45. Kf3 Kh8 46.
h4 h5 47. Kf2 Kh7 48. Qe5 Qf7 49. Qxb5 Qa2+ 50. Qe2 Qxa3 51. Qxh5+ Kg8 52. Qe8+
Kh7 53. Qe4+ Kh8 54. Qd4 Qa2+ 55. Kf3 Qb3+ 56. Kg4 Qe6+ 57. f5 Qe2+ 58. Kg5 Qe1
59. g4 b5 60. f6 Qc1+ 61. Qf4 gxf6+ 62. Kf5 Qc8+ 63. Kxf6 Qc6+ 64. Ke7 Qb7+ 65.
Kd8 Qd5+ 66. Ke7 Qb7+ 67. Ke6 Qc6+ 68. Qd6 Qc4+ 69. Kf5 Qc2+ 70. Kg5 Qc1+ 71.
Kh5 Qc4 72. Qf8+ Kh7 73. Qe7+ Kh8 74. Qf8+ Kh7 75. Qe7+ Kh8 76. Qf6+ Kh7 77.
Qf5+ Kh8 78. g5 Qxb4 79. Kg6 Qe7 80. Qc8+ 1-0

[Event "27th Summer Universiade 2013 Kazan,Russ"]
[Site "Kazan,Russia"]
[Date "2013.07.10"]
[Round "3.9"]
[White "Djukic, Sandra"]
[Black "Guramishvili, Sopiko"]
[Result "0-1"]
[WhiteElo "2197"]
[BlackElo "2421"]
[PlyCount "46"]
[EventDate "2013.07.09"]

1. d4 d5 2. c4 c6 3. cxd5 cxd5 4. Nc3 Nf6 5. Bf4 Nc6 6. e3 Bf5 7. Rc1 Qb6 8.
Bd3 Bxd3 9. Qxd3 e6 10. h3 Qxb2 11. Nge2 Bb4 12. O-O O-O 13. Rb1 Qa3 14. Rb3
Qa5 15. Rfb1 Rfc8 16. a3 Bf8 17. Rxb7 Qxa3 18. R1b3 Qa5 19. Rb1 Qd8 20. Qa6 Nd7
21. Nb5 e5 22. Bg5 Qxg5 23. Rxd7 Qf5 0-1

[Event "27th Summer Universiade 2013 Kazan,Russ"]
[Site "Kazan,Russia"]
[Date "2013.07.10"]
[Round "3.10"]
[White "Davletbayeva, Madina"]
[Black "Sgircea, Silvia-Raluca"]
[Result "0-1"]
[WhiteElo "2260"]
[BlackElo "2261"]
[PlyCount "106"]
[EventDate "2013.07.09"]

1. e4 c5 2. Nf3 g6 3. c3 d5 4. exd5 Qxd5 5. d4 Bg7 6. Na3 Bg4 7. Bc4 Qe4+ 8.
Be3 cxd4 9. cxd4 Bxf3 10. gxf3 Qf5 11. Nb5 Na6 12. Qa4 Kf8 13. Qb3 Nf6 14. Bxf7
Qxf3 15. Rg1 Rd8 16. Be6 Nd5 17. Rc1 Nf4 18. Bxf4 Qxf4 19. Qe3 Bh6 20. Rc3 Kg7
21. Qxf4 Bxf4 22. h4 Rhf8 23. h5 Rf6 24. Bb3 g5 25. Rh1 Kh6 26. Kf1 Nb4 27. a3
Nd5 28. Rc5 Nb6 29. Nxa7 Rxd4 30. Rc2 Rd1+ 31. Kg2 Rxh1 32. Kxh1 Kxh5 33. Kg2
Kg6 34. a4 h5 35. a5 Nd7 36. Nc8 e6 37. Ba4 Rf7 38. Rc4 Kf6 39. Rb4 Nc5 40. Bd1
h4 41. Bf3 Rc7 42. Rc4 Nb3 43. Rxc7 Bxc7 44. Bxb7 Bxa5 45. Bf3 Ke5 46. Ne7 Bd2
47. Ng6+ Kf6 48. Nf8 Kf5 49. Kh3 Nc5 50. Bg4+ Kf6 51. Bh5 Nd3 52. f3 Nf4+ 53.
Kg4 Nxh5 0-1

[Event "27th Summer Universiade 2013 Kazan,Russ"]
[Site "Kazan,Russia"]
[Date "2013.07.10"]
[Round "3.11"]
[White "Soloviova, Lisa"]
[Black "Rogule, Laura"]
[Result "0-1"]
[WhiteElo "2296"]
[BlackElo "2329"]
[PlyCount "130"]
[EventDate "2013.07.09"]

1. d4 d5 2. c4 e6 3. Nc3 Nf6 4. Nf3 c6 5. e3 Nbd7 6. Be2 dxc4 7. Bxc4 b5 8. Be2
b4 9. Na4 Bb7 10. O-O Bd6 11. b3 Qe7 12. Nb2 Ne4 13. Bd2 Nb6 14. Qc2 f5 15. Bd3
c5 16. dxc5 Nxc5 17. Bb5+ Kf7 18. Nc4 Nxc4 19. Bxc4 Be4 20. Qd1 a5 21. Qe2 g5
22. Rfd1 g4 23. Nd4 Rhg8 24. Be1 Rg6 25. g3 Rag8 26. a3 bxa3 27. Rxa3 Rh6 28.
f3 gxf3 29. Nxf3 Rhg6 30. Rxd6 Qxd6 31. Rxa5 Ra8 32. Rxa8 Bxa8 33. Bc3 Nd7 34.
Nh4 Rg5 35. Nf3 Rg4 36. Nd4 Bd5 37. Bb5 Nf6 38. Nf3 Bxf3 39. Qxf3 Ne4 40. Bd4
Qc7 41. Kg2 Qc2+ 42. Be2 Qxb3 43. Qf1 Qc2 44. Kg1 Rg8 45. Bd3 Qc6 46. Bb5 Qc7
47. Qh3 Ng5 48. Qh5+ Rg6 49. Bf1 Kg8 50. Qd1 h6 51. Bg2 Kh7 52. Bb2 Nf7 53. Qb3
Qd7 54. Bf3 Rg8 55. Qc3 Ng5 56. Bh5 Ne4 57. Qe5 Rc8 58. Bf3 Nd2 59. Be2 Ne4 60.
Bf3 Ng5 61. Be2 Qb7 62. h4 Nh3+ 63. Kh2 Nf2 64. Bf3 Ng4+ 65. Bxg4 Rc2+ 0-1

[Event "27th Summer Universiade 2013 Kazan,Russ"]
[Site "Kazan,Russia"]
[Date "2013.07.10"]
[Round "3.12"]
[White "Dolzhykova, Kateryna"]
[Black "Khalafova, Narmin"]
[Result "0-1"]
[WhiteElo "2296"]
[BlackElo "2107"]
[PlyCount "82"]
[EventDate "2013.07.09"]

1. e4 c5 2. Nf3 d6 3. d4 Nf6 4. Nc3 cxd4 5. Nxd4 e5 6. Bb5+ Bd7 7. Bxd7+ Qxd7
8. Nf5 Nxe4 9. Nxg7+ Bxg7 10. Nxe4 d5 11. Bh6 O-O 12. Bxg7 Kxg7 13. Ng3 Nc6 14.
Qd2 f5 15. O-O-O d4 16. h4 Rac8 17. Rh3 Qf7 18. Kb1 a5 19. a3 b5 20. h5 b4 21.
h6+ Kh8 22. Qg5 Ne7 23. Nh5 Ng6 24. Qd2 Rb8 25. f4 Rfd8 26. fxe5 Nxe5 27. Qf4
Nc6 28. g4 Rb5 29. Ng7 bxa3 30. Rxa3 Rdb8 31. Nxf5 Rxb2+ 32. Ka1 Qb7 33. Qc1
Qb4 34. Rb3 Rxb3 35. cxb3 Qxb3 36. Rd2 Nb4 37. Rb2 Qc3 38. Qxc3 dxc3 39. Rb3
Rc8 40. Nd4 c2 41. Nxc2 Rxc2 0-1

[Event "27th Summer Universiade 2013 Kazan,Russ"]
[Site "Kazan,Russia"]
[Date "2013.07.10"]
[Round "3.13"]
[White "Martinez, Ayelen"]
[Black "Kalinina, Olga"]
[Result "0-1"]
[WhiteElo "2103"]
[BlackElo "2292"]
[PlyCount "50"]
[EventDate "2013.07.09"]

1. e4 c5 2. Nf3 e6 3. d4 cxd4 4. Nxd4 a6 5. Nc3 Qc7 6. Be2 b5 7. O-O Bb7 8. Bf3
d6 9. Re1 Be7 10. Nd5 exd5 11. exd5 g6 12. a4 bxa4 13. Rxa4 Nd7 14. g3 Kf8 15.
Nc6 Bf6 16. Bd2 Ne5 17. Bg2 Qd7 18. b3 Nxc6 19. dxc6 Bxc6 20. Bxc6 Qxc6 21. Bb4
Kg7 22. Qxd6 Qxd6 23. Bxd6 Nh6 24. Bc5 Rhc8 25. b4 a5 0-1

[Event "27th Summer Universiade 2013 Kazan,Russ"]
[Site "Kazan,Russia"]
[Date "2013.07.10"]
[Round "3.14"]
[White "Kulovana, Eva"]
[Black "Mona, Khaled"]
[Result "1-0"]
[WhiteElo "2272"]
[BlackElo "2100"]
[PlyCount "69"]
[EventDate "2013.07.09"]

1. e4 e5 2. Nf3 Nc6 3. Bb5 Nge7 4. Nc3 d6 5. O-O Bd7 6. d4 Ng6 7. Be3 Be7 8. d5
Nb8 9. Bxd7+ Nxd7 10. Ne2 Nh4 11. Nxh4 Bxh4 12. f3 O-O 13. c4 a5 14. b3 g6 15.
a3 f5 16. b4 f4 17. Bd2 Qb8 18. Kh1 Qa7 19. Rc1 Bf2 20. c5 axb4 21. axb4 Bh4
22. Qc2 Qa6 23. Ng1 Be7 24. c6 bxc6 25. Qxc6 Qd3 26. Qxd7 Qxd2 27. Qxe7 Ra2 28.
Qg5 Rf7 29. Nh3 h6 30. Qg4 g5 31. Nf2 Kg7 32. h4 Qe3 33. Nh3 Qd2 34. Ra1 Qe2
35. Rg1 1-0

[Event "27th Summer Universiade 2013 Kazan,Russ"]
[Site "Kazan,Russia"]
[Date "2013.07.10"]
[Round "3.15"]
[White "Garcia Morales, Ivette Ale"]
[Black "Mammadyarova, Turkan"]
[Result "0-1"]
[WhiteElo "2072"]
[BlackElo "2267"]
[PlyCount "106"]
[EventDate "2013.07.09"]

1. d4 d5 2. Nf3 e6 3. c4 c6 4. g3 f5 5. Bg2 Nf6 6. O-O Bd6 7. b3 O-O 8. Ba3
Bxa3 9. Nxa3 Nbd7 10. Qc1 Ne4 11. Nc2 Qf6 12. Qb2 Qh6 13. Nce1 f4 14. Nd3 fxg3
15. fxg3 Qe3+ 16. Kh1 Nxg3+ 17. hxg3 Rf6 18. Qc1 Rh6+ 19. Bh3 Rxh3+ 20. Kg2
Qxc1 21. Raxc1 Rh6 22. Nfe5 Rf6 23. Rfe1 Rf8 24. Nxd7 Bxd7 25. Nc5 Bc8 26. e4
b6 27. Nd3 dxe4 28. Rxe4 c5 29. d5 exd5 30. cxd5 Bb7 31. Re5 Rae8 32. Rce1 Rxe5
33. Rxe5 Rd8 34. Nf4 h6 35. Kf3 g5 36. Nh5 Kf7 37. Ke4 Bc8 38. Kf3 b5 39. g4 a5
40. d6 Rxd6 41. Rxc5 Bd7 42. Ng3 Rd3+ 43. Kf2 Bxg4 44. Rxb5 Rd2+ 45. Ke3 Rxa2
46. Rb7+ Kf8 47. Ne4 Re2+ 48. Kd4 Bf3 49. Rb8+ Kf7 50. Rb7+ Ke8 51. Nc3 Rd2+
52. Ke3 Bxb7 53. Kxd2 h5 0-1

[Event "27th Summer Universiade 2013 Kazan,Russ"]
[Site "Kazan,Russia"]
[Date "2013.07.10"]
[Round "3.16"]
[White "Dudas, Eszter"]
[Black "Anusca, Madalina-Maria"]
[Result "1-0"]
[WhiteElo "2266"]
[BlackElo "2042"]
[PlyCount "65"]
[EventDate "2013.07.09"]

1. e4 c5 2. Nf3 Nc6 3. d4 cxd4 4. Nxd4 g6 5. Nc3 Bg7 6. Be3 Nf6 7. Bc4 Qa5 8.
O-O O-O 9. Bb3 d6 10. h3 Bd7 11. Re1 Rfc8 12. Nf3 b5 13. a3 Rab8 14. Bf4 Qd8
15. Qe2 Na5 16. e5 dxe5 17. Bxf7+ Kxf7 18. Nxe5+ Kf8 19. Nxd7+ Qxd7 20. Rad1
Qe8 21. Bxb8 Rxb8 22. Qf3 Qf7 23. Qf4 Nc6 24. Qc7 Qe8 25. Re6 Rc8 26. Qb7 Kf7
27. Rde1 Kg8 28. Rxe7 Nxe7 29. Rxe7 Qd8 30. Rxg7+ Kh8 31. Rf7 Rc5 32. Qxa7 Rg5
33. Qe7 1-0

[Event "27th Summer Universiade 2013 Kazan,Russ"]
[Site "Kazan,Russia"]
[Date "2013.07.10"]
[Round "3.17"]
[White "Jelsen, Yemi"]
[Black "Kulon, Klaudia"]
[Result "0-1"]
[WhiteElo "2009"]
[BlackElo "2258"]
[PlyCount "94"]
[EventDate "2013.07.09"]

1. d4 d5 2. c4 e6 3. Nc3 c6 4. e3 Bd6 5. Nf3 f5 6. cxd5 cxd5 7. Nb5 Be7 8. Ne5
Nf6 9. Bd2 O-O 10. Rc1 Na6 11. Bd3 Nb4 12. Bb1 Bd7 13. Qe2 a6 14. Nc3 Be8 15.
O-O Bh5 16. f3 Nd7 17. Nxd7 Qxd7 18. b3 b5 19. a4 Rfb8 20. Kh1 Bg6 21. e4 bxa4
22. exf5 exf5 23. Nxa4 Nc6 24. Rxc6 Qxc6 25. Qxe7 Rxb3 26. Nc5 Re8 27. Qd7 Qxd7
28. Nxd7 Re2 29. Nc5 Rxb1 30. Rxb1 Rxd2 31. Nxa6 Rxd4 32. h3 f4 33. Ra1 Rc4 34.
Nb8 Bf5 35. Ra5 Be6 36. Ra6 Kf7 37. Nc6 Rc1+ 38. Kh2 Bc8 39. Ra7+ Kf6 40. Ne7
Be6 41. g4 fxg3+ 42. Kxg3 Rc2 43. f4 g6 44. h4 d4 45. Ra4 Kxe7 46. Rxd4 Kf6 47.
Ra4 Rc3+ 0-1

[Event "27th Summer Universiade 2013 Kazan,Russ"]
[Site "Kazan,Russia"]
[Date "2013.07.10"]
[Round "3.18"]
[White "Andrenko, Irina"]
[Black "Rothebarth, Ana Vitoria De Pau"]
[Result "1/2-1/2"]
[WhiteElo "2253"]
[BlackElo "2034"]
[PlyCount "74"]
[EventDate "2013.07.09"]

1. d4 Nf6 2. Bg5 e6 3. e4 h6 4. Bxf6 Qxf6 5. Nc3 Bb4 6. e5 Qd8 7. Qg4 Bf8 8. f4
b6 9. O-O-O c6 10. Bd3 Na6 11. Nf3 Nb4 12. Be4 Ba6 13. f5 Qc7 14. Kb1 O-O-O 15.
Rhe1 Kb8 16. a3 Nd5 17. Nxd5 cxd5 18. Bd3 Bxd3 19. Rxd3 Rg8 20. Rc3 Qb7 21. f6
g6 22. Qh3 Qa6 23. Ng5 hxg5 24. Qh7 Bb4 25. axb4 Rgf8 26. Rg3 Qc4 27. c3 Rc8
28. h3 a5 29. bxa5 bxa5 30. Qh6 a4 31. Qxg5 Rc6 32. Qd2 Rb6 33. Qe2 Qb3 34. Qc2
Qc4 35. Qe2 Qb3 36. Qc2 Qc4 37. Qe2 Qb3 1/2-1/2

[Event "27th Summer Universiade 2013 Kazan,Russ"]
[Site "Kazan,Russia"]
[Date "2013.07.10"]
[Round "3.19"]
[White "Velieva, Hurma"]
[Black "Umudova, Nargiz"]
[Result "1-0"]
[WhiteElo "1988"]
[BlackElo "2253"]
[PlyCount "159"]
[EventDate "2013.07.09"]

1. e4 c5 2. Nf3 Nc6 3. d4 cxd4 4. Nxd4 Nf6 5. Nc3 e5 6. Ndb5 d6 7. Bg5 a6 8.
Na3 b5 9. Nd5 Be7 10. Bxf6 Bxf6 11. c3 Bg5 12. Nc2 O-O 13. a4 bxa4 14. Rxa4 a5
15. Bc4 Rb8 16. b3 Kh8 17. Nce3 g6 18. O-O f5 19. exf5 gxf5 20. f4 exf4 21. Nc2
f3 22. Rxf3 Ne5 23. Rf1 Bd7 24. Ra2 f4 25. Nd4 a4 26. Kh1 Bh6 27. Be2 axb3 28.
Nxb3 Qg5 29. Nd4 Rb7 30. Nf3 Qg6 31. Qd4 Bg7 32. Qd2 Ng4 33. Nxf4 Qh6 34. Nd5
Qh5 35. h3 Nh6 36. Ng1 Qe8 37. Rxf8+ Qxf8 38. Bd3 Bf5 39. Ra1 Bxd3 40. Qxd3 Nf5
41. Nf3 Ng3+ 42. Kh2 Nh5 43. Re1 Rb8 44. Qe4 Nf6 45. Nxf6 Qxf6 46. c4 Rc8 47.
Qg4 Rd8 48. Re6 Qf8 49. Qe4 Bh6 50. Qd4+ Qg7 51. Rxd6 Rxd6 52. Qxd6 Qf8 53.
Qxf8+ Bxf8 54. Kg3 Kg7 55. Kf4 Kf6 56. Ke4 h5 57. Kd5 Bh6 58. g3 Be3 59. Nd4
Bf2 60. Ne2 Ke7 61. Ke5 Kd7 62. Kf4 Kc6 63. Nc3 h4 64. g4 Bg3+ 65. Kf3 Be1 66.
Ne4 Kd7 67. g5 Ke6 68. Kg4 Ke5 69. Nf6 Bd2 70. Kxh4 Kf5 71. Nh7 Kg6 72. Nf8+
Kf5 73. Nh7 Kg6 74. c5 Kxh7 75. c6 Ba5 76. Kg4 Kg7 77. Kf5 Kf7 78. g6+ Kg7 79.
h4 Kh6 80. h5 1-0

[Event "27th Summer Universiade 2013 Kazan,Russ"]
[Site "Kazan,Russia"]
[Date "2013.07.10"]
[Round "3.20"]
[White "Mader, Manuela"]
[Black "Ton, Nu Hong An"]
[Result "1-0"]
[WhiteElo "2212"]
[BlackElo "1995"]
[PlyCount "67"]
[EventDate "2013.07.09"]

1. e4 e5 2. Nf3 Nc6 3. Bb5 a6 4. Bxc6 dxc6 5. O-O Bd6 6. d4 exd4 7. Qxd4 Kf8 8.
Nc3 Be6 9. e5 Be7 10. Qf4 Qe8 11. Be3 h6 12. h4 Bd8 13. Qb4+ Be7 14. Qxb7 g5
15. Nd4 c5 16. Nxe6+ fxe6 17. Ne4 Rb8 18. Qxa6 Rb6 19. Qa7 Qc6 20. f3 gxh4 21.
Qa5 Kf7 22. Qc3 Qb5 23. a4 Qxb2 24. Qxb2 Rxb2 25. a5 Rb7 26. a6 Ra7 27. Rfb1
Bf8 28. Rb7 Ra8 29. a7 Ne7 30. Rxc7 Kg6 31. Nf6 Kf5 32. Ra6 Ng6 33. Nd7 Bg7 34.
Nb6 1-0

[Event "27th Summer Universiade 2013 Kazan,Russ"]
[Site "Kazan,Russia"]
[Date "2013.07.10"]
[Round "3.21"]
[White "Yalkanova, Merjen"]
[Black "Kazimova, Narmin"]
[Result "0-1"]
[WhiteElo "1966"]
[BlackElo "2208"]
[PlyCount "154"]
[EventDate "2013.07.09"]

1. d4 Nf6 2. e3 e6 3. Nf3 c5 4. Bd3 b6 5. b3 Bb7 6. Bb2 d5 7. Nbd2 Nc6 8. a3
Bd6 9. O-O O-O 10. c4 Rc8 11. Rc1 Qe7 12. cxd5 exd5 13. dxc5 bxc5 14. e4 Nxe4
15. Nxe4 dxe4 16. Bxe4 Rfd8 17. Qe2 Nd4 18. Nxd4 Bxe4 19. Rfe1 Re8 20. Nb5 Qg5
21. f3 Bc6 22. Qf1 Bxb5 23. Qxb5 Bxh2+ 24. Kh1 Be5 25. Bxe5 Rxe5 26. Kg1 h6 27.
Rxe5 Qxc1+ 28. Kf2 Qb2+ 29. Re2 Qd4+ 30. Kf1 Kh7 31. Qb7 Qd1+ 32. Kf2 Qd4+ 33.
Kf1 Rf8 34. Qxa7 Kg8 35. Qe7 Qa1+ 36. Kf2 Qxa3 37. Rc2 Rc8 38. Qb7 Ra8 39. Qb5
Rc8 40. Qb7 Rf8 41. Qb5 Rc8 42. Qb7 Ra8 43. Qb5 Qb4 44. Qc6 Qd4+ 45. Kg3 Qe5+
46. Kf2 Re8 47. g3 Qe3+ 48. Kg2 Rd8 49. Qxc5 Qxb3 50. Qc7 Re8 51. Qc6 Qe3 52.
Qd7 g6 53. Rc8 Qe2+ 54. Kh3 Qf1+ 55. Kh2 Qf2+ 56. Kh3 Rxc8 57. Qxc8+ Kh7 58.
Qb7 Kg7 59. Qe4 Qg1 60. Qe5+ Kh7 61. g4 Qf2 62. Qf4 Qa2 63. Kg3 Qe6 64. Qd4 Kg8
65. Kg2 Kh7 66. Qf4 Kg7 67. Qd4+ Qf6 68. Qd5 Qf4 69. Qd8 h5 70. gxh5 gxh5 71.
Qd5 h4 72. Kf1 h3 73. Qh5 Qg3 74. Qg4+ Qxg4 75. fxg4 Kg6 76. Kf2 Kg5 77. Kg3 h2
0-1

[Event "27th Summer Universiade 2013 Kazan,Russ"]
[Site "Kazan,Russia"]
[Date "2013.07.10"]
[Round "3.22"]
[White "Chirivi C, Jenny Astrid"]
[Black "Mominova, Leyla"]
[Result "1-0"]
[WhiteElo "2205"]
[BlackElo "1919"]
[PlyCount "95"]
[EventDate "2013.07.09"]

1. d4 Nf6 2. c4 g6 3. Nc3 Bg7 4. e4 d6 5. f3 O-O 6. Be3 e5 7. Nge2 Nc6 8. d5
Ne7 9. g4 a5 10. Ng3 c6 11. h4 cxd5 12. cxd5 a4 13. Nxa4 Qa5+ 14. Nc3 Bd7 15.
Qd2 Rfc8 16. Bd3 b5 17. Nce2 b4 18. Nc1 Bb5 19. O-O Nd7 20. Bxb5 Qxb5 21. Nd3
Rc4 22. Ne2 Rac8 23. Rfc1 f5 24. Rxc4 Rxc4 25. b3 Rc8 26. g5 Nxd5 27. exd5 e4
28. Nb2 exf3 29. Nf4 Bc3 30. Qf2 Ne5 31. Rb1 Re8 32. Nc4 Nxc4 33. bxc4 Qxc4 34.
Rd1 Re4 35. Qxf3 Qxa2 36. Bf2 Qc2 37. Nd3 Qa2 38. Nc1 Qc4 39. Qd3 Rg4+ 40. Kf1
Qf4 41. Ne2 Qh2 42. Qf3 Be5 43. Rc1 b3 44. Qxb3 Qh1+ 45. Ng1 Qg2+ 46. Ke2 Re4+
47. Kd3 Qg3+ 48. Bxg3 1-0

[Event "27th Summer Universiade 2013 Kazan,Russ"]
[Site "Kazan,Russia"]
[Date "2013.07.10"]
[Round "3.23"]
[White "Vasile, Teodora"]
[Black "Hallaeva, Bahar"]
[Result "0-1"]
[WhiteElo "1938"]
[BlackElo "2150"]
[PlyCount "128"]
[EventDate "2013.07.09"]

1. e4 e5 2. Nf3 Nc6 3. Bb5 Nf6 4. O-O Nxe4 5. Re1 Nd6 6. Bxc6 dxc6 7. Nxe5 Be7
8. Qe2 Nf5 9. c3 O-O 10. d4 c5 11. dxc5 Bxc5 12. b4 Bd6 13. Nc4 Qh4 14. Nxd6
Nxd6 15. g3 Qh3 16. Bf4 Bg4 17. Qf1 Qh5 18. Nd2 Rae8 19. f3 Rxe1 20. Rxe1 Be6
21. a4 Qd5 22. Re5 Qa2 23. a5 b6 24. axb6 axb6 25. Re2 Qa7 26. Bxd6 cxd6 27.
Qe1 Qc7 28. Ne4 h6 29. Qd2 Rd8 30. Re1 Bc4 31. Qd4 Be6 32. Rd1 d5 33. c4 Rd7
34. cxd5 Rxd5 35. Qa1 Qd8 36. Rxd5 Qxd5 37. Qe1 Qd3 38. Kg2 Bd5 39. g4 Qc2+ 40.
Kg3 Qd3 41. Kg2 Qc2+ 42. Kg3 Qc7+ 43. Kg2 Qe7 44. h3 h5 45. Kf1 Qe5 46. Kg2
hxg4 47. hxg4 Qb2+ 48. Kg3 Qe5+ 49. Kg2 Qe6 50. Qe3 Bxe4 51. Qxe4 Qxe4 52. fxe4
f6 53. Kf3 Kf7 54. Ke3 Ke6 55. Kd4 Kd6 56. Kc3 g6 57. Kd4 b5 58. Kd3 Ke5 59.
Ke3 g5 60. Kd3 Kf4 61. Kd4 Kxg4 62. Kd5 Kf3 63. Ke6 g4 64. Kxf6 Kxe4 0-1

[Event "27th Summer Universiade 2013 Kazan,Russ"]
[Site "Kazan,Russia"]
[Date "2013.07.10"]
[Round "3.24"]
[White "Dewi, Aa Citra"]
[Black "Khulan, Enkhsaikhan"]
[Result "1-0"]
[WhiteElo "2138"]
[BlackElo "1866"]
[PlyCount "93"]
[EventDate "2013.07.09"]

1. e4 e6 2. d4 d5 3. Nd2 a6 4. exd5 exd5 5. Bd3 Bd6 6. Ngf3 Nc6 7. c3 Qe7+ 8.
Be2 Be6 9. O-O O-O-O 10. b4 g5 11. Nb3 h6 12. Re1 g4 13. Nfd2 h5 14. a4 Nf6 15.
b5 axb5 16. axb5 Nb8 17. c4 Bb4 18. c5 Ne4 19. Ba3 Nc3 20. Qc2 Nxe2+ 21. Rxe2
Bxa3 22. Rxa3 c6 23. Ra7 Rd7 24. Na5 Re8 25. bxc6 bxc6 26. Ra8 Rc7 27. Qb2 Kd7
28. Rxb8 Rxb8 29. Qxb8 Qf6 30. Ndb3 Qd8 31. Qxd8+ Kxd8 32. Re5 h4 33. Rh5 Kd7
34. Rxh4 Rc8 35. f3 gxf3 36. gxf3 Rb8 37. Kf2 Rb5 38. Rh8 Bf5 39. Ra8 Bc2 40.
Nd2 Rb2 41. Ke3 Ba4 42. Ra7+ Ke6 43. Rc7 Ra2 44. Nxc6 Ra3+ 45. Kf4 Rd3 46. Re7+
Kf6 47. Rxf7+ 1-0

[Event "27th Summer Universiade 2013 Kazan,Russ"]
[Site "Kazan,Russia"]
[Date "2013.07.10"]
[Round "3.25"]
[White "Botlhole, Kgalalelo"]
[Black "Motycakova, Monika"]
[Result "0-1"]
[WhiteElo "1767"]
[BlackElo "2135"]
[PlyCount "62"]
[EventDate "2013.07.09"]

1. d4 d5 2. c4 c6 3. Nf3 Nf6 4. Nc3 e6 5. Bg5 h6 6. Bh4 dxc4 7. a4 Bb4 8. e3 b5
9. Ne5 Bb7 10. Qf3 Qd5 11. Bxf6 Qxf3 12. Nxf3 gxf6 13. Nd2 a6 14. Rc1 Nd7 15.
f3 f5 16. Be2 Nb6 17. axb5 cxb5 18. Rg1 Ke7 19. f4 Rhg8 20. Bf3 Bxf3 21. Nxf3
Nd5 22. Ke2 Bxc3 23. bxc3 a5 24. Kd2 h5 25. Ne5 f6 26. Nf3 Rgc8 27. h3 b4 28.
cxb4 axb4 29. Ra1 b3 30. Rgb1 c3+ 31. Ke2 c2 0-1

[Event "27th Summer Universiade 2013 Kazan,Russ"]
[Site "Kazan,Russia"]
[Date "2013.07.10"]
[Round "3.27"]
[White "Heinatz, Maria"]
[Black "Siradze, Salome"]
[Result "0-1"]
[WhiteElo "1904"]
[BlackElo "2069"]
[PlyCount "78"]
[EventDate "2013.07.09"]

1. e4 c5 2. Nf3 Nc6 3. d4 cxd4 4. Nxd4 Nf6 5. Nc3 e5 6. Ndb5 d6 7. Bg5 a6 8.
Na3 b5 9. Nd5 Be7 10. Bxf6 Bxf6 11. c3 Ne7 12. Nc2 Bb7 13. Nce3 Bg5 14. Nxe7
Bxe7 15. Bd3 O-O 16. O-O Bg5 17. a4 Bxe3 18. fxe3 Qh4 19. g3 Qh3 20. Qe2 Qh6
21. Bc2 Rac8 22. axb5 axb5 23. Ra7 Ba8 24. Rf3 Qe6 25. Ra6 Qg4 26. Rf2 Qd7 27.
Rf1 Bc6 28. Rfa1 Qb7 29. Ra7 Qb6 30. R7a6 Qb8 31. R6a3 Rcd8 32. Rb3 Qb7 33. Rb4
Ra8 34. Rd1 Rfd8 35. c4 Bxe4 36. Rxb5 Bf3 37. Qd3 e4 38. Rxb7 exd3 39. Rxd3
Bxb7 0-1

[Event "27th Summer Universiade 2013 Kazan,Russ"]
[Site "Kazan,Russia"]
[Date "2013.07.10"]
[Round "3.29"]
[White "Shyngys Kyzy, Aijarkyn"]
[Black "Vivian, Heinrichs"]
[Result "0-1"]
[WhiteElo "1784"]
[BlackElo "1953"]
[PlyCount "108"]
[EventDate "2013.07.09"]

1. d4 Nf6 2. c4 g6 3. Nc3 Bg7 4. Bg5 d6 5. Nf3 c6 6. e3 Qa5 7. Bd3 Bg4 8. Bh4
Qh5 9. Bg3 O-O 10. h3 Nbd7 11. Be2 Bxf3 12. Bxf3 Qa5 13. h4 h5 14. Bh2 Rac8 15.
O-O a6 16. a3 Qc7 17. Rc1 e5 18. d5 c5 19. Qd3 Rce8 20. Kh1 Qd8 21. b4 b6 22.
e4 Ng4 23. Bxg4 hxg4 24. Qg3 Nf6 25. f3 gxf3 26. Rxf3 Nh5 27. Qh3 Nf4 28. Qg4
f5 29. Qg3 Rf6 30. Rcf1 Kh7 31. bxc5 bxc5 32. Qf2 Ref8 33. exf5 Rxf5 34. Ne4
Bh6 35. g4 R5f7 36. g5 Bg7 37. Qe3 Qb6 38. R3f2 Qb8 39. Rf3 Rb7 40. Bxf4 exf4
41. Rxf4 Rxf4 42. Qxf4 Rb1 43. Kg2 Qb2+ 44. Rf2 Qa1 45. h5 Rg1+ 46. Kh2 Be5 47.
Nf6+ Kh8 48. Qxe5 dxe5 49. Ne8 Rh1+ 50. Kg2 Qg1+ 51. Kf3 Rh3+ 52. Ke2 Qg4+ 53.
Ke1 Re3+ 54. Kd2 Qd4+ 0-1